Quick Pick: Sonic Characters Quiz Stats

Quiz Updated Nov 7, 2017

Challenge
Share
Tweet
Embed
Score 0/12 Timer 01:00
0 Plays Today
% Correct
Froggy
73.3%
Dr. Ivo 'Eggman' Robotnik
72.7%
Amy Rose
65.3%
Miles 'Tails' Prower
64.9%
Knuckles
60.9%
Vector
50.8%
Big
50%
Cream
49.7%
Jet
49.6%
Rouge
49.5%
Charmy
48.1%
Espio
43.9%

Today's Daily Dose

Word Ladder
KISS Hit

On This Day
January 22nd

You're not logged in!

Compare scores with friends on all Sporcle quizzes.
Sign Up with Email
OR
Log In

You Might Also Like...

Show Comments

Extras

Top Quizzes Today


Score Distribution

Your Account Isn't Verified!

In order to create a playlist on Sporcle, you need to verify the email address you used during registration. Go to your Sporcle Settings to finish the process.